Movimiento obrero en Jalisco, periodo 1925-1930 / (Record no. 67012)
[ view plain ]
| 000 -LEADER | |
|---|---|
| fixed length control field | 00791cam a2200205 4500 |
| 008 - FIXED-LENGTH DATA ELEMENTS--GENERAL INFORMATION | |
| fixed length control field | 040610t19851985mx g b 000 0 spa u |
| 020 ## - INTERNATIONAL STANDARD BOOK NUMBER | |
| International Standard Book Number | 9688322016 |
| 050 00 - LIBRARY OF CONGRESS CALL NUMBER | |
| Classification number | HD6535 |
| Item number | .J3 G88 1985 |
| 100 1# - MAIN ENTRY--PERSONAL NAME | |
| Personal name | Gutiérrez Zermeño, Rodolfo |
| 245 10 - TITLE STATEMENT | |
| Title | Movimiento obrero en Jalisco, periodo 1925-1930 / |
| Statement of responsibility, etc | Rodolfo Gutiérrez Zermeño. |
| 260 ## - PUBLICATION, DISTRIBUTION, ETC. (IMPRINT) | |
| Place of publication, distribution, etc | Guadalajara, Jalisco, México : |
| Name of publisher, distributor, etc | Gobierno de Jalisco, Secretaría General, Unidad Editorial, |
| Date of publication, distribution, etc | 1985. |
| 300 ## - PHYSICAL DESCRIPTION | |
| Extent | 64 p. ; |
| Dimensions | 21 cm. |
| 440 #0 - SERIES STATEMENT/ADDED ENTRY--TITLE | |
| Title | Temática jalisciense ; |
| Volume number/sequential designation | No. 12 |
| 500 ## - GENERAL NOTE | |
| General note | 2 ejemplares |
| 504 ## - BIBLIOGRAPHY, ETC. NOTE | |
| Bibliography, etc | Incluye bibliografías |
| 650 14 - SUBJECT ADDED ENTRY--TOPICAL TERM | |
| Topical term or geographic name as entry element | Sindicatos |
| Geographic subdivision | México |
| -- | Jalisco |
| General subdivision | Historia |
| Chronological subdivision | Siglo XX |
| 650 24 - SUBJECT ADDED ENTRY--TOPICAL TERM | |
| Topical term or geographic name as entry element | Sindicatos |
| Geographic subdivision | México |
| -- | Jalisco |
| General subdivision | Actividad política |
| -- | Historia |
| Chronological subdivision | Siglo XX |
| 942 ## - ADDED ENTRY ELEMENTS (KOHA) | |
| Source of classification or shelving scheme | Biblioteca del Cogreso de los Estados Unidos |
| Koha item type | Libro |
| Estado de pérdida | Fuente de clasificación | Estado del daño | No para préstamo | Ubicación permanente | Ubicación actual | Apartado o colección | Fecha de adquisición | Edición | Dependencia de educación superior (DES) | Área del conocimiento | Clasificación | Código de Barras | Date last seen | Número de copia | Tipo de recurso |
|---|---|---|---|---|---|---|---|---|---|---|---|---|---|---|---|
| Biblioteca del Cogreso de los Estados Unidos | Biblioteca del Instituto de Investigaciones Históricas | Biblioteca del Instituto de Investigaciones Históricas | General | 22/08/2018 | 1a ed. | Humanidades | Ciencias Sociales y Administrativas | HD6535 .J3 G88 1985 | IIH000025049 | 22/08/2018 | C:2 | Libro | |||
| Biblioteca del Cogreso de los Estados Unidos | Biblioteca del Instituto de Investigaciones Históricas | Biblioteca del Instituto de Investigaciones Históricas | General | 22/08/2018 | 1a ed. | Humanidades | Ciencias Sociales y Administrativas | HD6535 .J3 G88 1985 | IIH000025056 | 22/08/2018 | C:1 | Libro |